000 00393nam a2200157Ia 4500
003 GCL
008 140319s9999 xx 000 0 eng d
040 _aGCL /
_cGCL
082 0 4 _a361.25
_bC N
100 1 _aCAHILL, MICHAEL
245 1 0 _aTHE NEW SOCIEL POLICY /
_cCAHILL, MICHAEL
260 _a[S.N] :
_bBLACK WELL ،
_c1994
300 _a203 P
650 0 4 _aSOCIAL POLICY
942 _2ddc
_cBK
999 _c24927
_d24927